000 00560nam a2200181 i 4500
001 79913
003 ES-MaACL
005 20230906174059.0
007 t|
008 041025s1964 sp ||||1| spa d
100 1 _aHerrmann, Hilde.
_963373
245 1 0 _aPuntos débiles en la vida de la Fé /
_cHilde Herrmann ; traducción del alemán por Rafael Velasco Beteta.
260 _aMadrid :
_bStudium,
_c[1964]
300 _a136 p. ;
_c19 cm.
650 0 4 _aFe.
_912734
700 1 _aVelasco Beteta, Pedro Rafael.
_9113747
852 _aES-MaACL
_jC-27100
_bR.56160
999 _c79913
_d79913